000 00484nam a22001817a 4500
003 NUST-PNEC
005 20170116180743.0
008 150112b xxu||||| |||| 00| 0 eng d
020 _a9789698452254
040 _cPNEC
082 _a020 SHE
100 _91194
_aSheikh, Iqrar Hussain
245 _aFan e tahqeeq (Urdu)
_cIqrar Hussain Sheikh
260 _aRawalpindi :
_bThe books Library Developers,
_cc2010.
300 _a192 p. :
_c22 cm.
650 _xGeneral
942 _2ddc
_cBK
999 _c62279
_d62279